MARC

LEADER 00000nam0a2200000 4500
001 275099
005 20231101234806.0
020 |a RU  |b 86-4320 
035 |a (RuTPU)RU\TPU\book\298330 
090 |a 275099 
100 |a 20141112d1985 k y0rusy5003 ca 
101 0 |a rus 
102 |a RU 
105 |a a z 001zy 
200 1 |a Закономерности строения и локальный прогноз зон нефтегазонакопления на Сибирской платформе  |e сборник научных трудов  |f Сибирский научно-исследовательский институт геологии, геофизики и минерального сырья (СНИИГГиМС) ; под ред. В. С. Суркова 
210 |a Новосибирск  |c Изд-во СНИИГГиМС  |d 1985 
215 |a 120 с.  |c ил. 
320 |a Библиография в конце статей 
606 1 |a Нефтегазоносность  |x Перспективы  |y Сибирь  |2 stltpush  |3 (RuTPU)RU\TPU\subj\70291  |9 84645 
610 1 |a нефть 
610 1 |a газ 
610 1 |a прогноз 
610 1 |a залежи 
610 1 |a продуктивные пласты 
610 1 |a неоднородность 
610 1 |a нефтегазонакопление 
610 1 |a геология 
610 1 |a трапповый магматизм 
675 |a 553.98.041(571)  |v 3 
702 1 |a Сурков  |b В. С.  |g Виктор Семенович  |4 340 
712 0 2 |a Сибирский научно-исследовательский институт геологии, геофизики и минерального сырья (СНИИГГиМС)  |c (Новосибирск)  |2 stltpush  |3 (RuTPU)RU\TPU\col\322 
801 0 |a RU  |b RuMRKP  |c 19950704  |g psbo 
801 1 |a RU  |b 63413507  |c 20141112 
801 2 |a RU  |b 63413507  |c 20170125  |g RCR 
942 |c BK